000 00212nam a22000857a 4500
008 170622b xxu||||| |||| 00| 0 eng d
100 _93619
_aNCERT
245 _aLab manual science - X
260 _aNew Delhi
_bNCERT
_c2009
999 _c7008
_d7008